| 000 | 03239nam0a2200673 4500 | ||
|---|---|---|---|
| 001 | RU\NLR\bibl\1487271 | ||
| 005 | 20250616011557.0 | ||
| 010 |
_a978-5-9296-0424-9 _9500 |
||
| 021 |
_aRU _b2010-3652 _9227 |
||
| 035 | _a(nilc)RSL-KNO-004572896 | ||
| 035 | _a1VIL\RUSMED\0000161189 | ||
| 035 | _aRSL-KNO-004572896 | ||
| 035 | _a(NLR Aleph) 001478872 | ||
| 090 |
_a1690703 _c1690703 |
||
| 100 | _a20100127d2009 |||y0rusy50 ca | ||
| 101 | 0 | _arus | |
| 102 | _aRU | ||
| 105 | _aa ||||||||| | ||
| 200 | 1 |
_aЛабораторный мониторинг эффективности лечения урогенитального хламидиоза _eмонография _fТ.П. Бондарь, Ф.К. Шебзухова _gФедер. агентство по образованию, ГОУ ВПО "Сев.-Кавк. гос. техн. ун-т", ГОУ ВПО Ставропол. гос. ун-т |
|
| 210 |
_aСтаврополь _cИзд-во Северо-Кавказского государственного технического университета _d2009 |
||
| 215 |
_a108 с. _cил. _d21 |
||
| 320 | _aБиблиогр.: с. 104-107 (36 назв.) | ||
| 541 | 0 | _aLaboratory monitoring of efficacy of treatment of urogenital chlamydiosis | |
| 606 | 1 |
_aХламидиозы мочеполовых органов женщин _92423260 _3RU\NLR\auth\661442943 |
|
| 606 | 1 |
_aХЛАМИДИОЗЫ _xдиагностика _2rus_mesh _3R2791-5.1 |
|
| 606 | 1 |
_aCHLAMYDIACEAE INFECTIONS _xdiagnosis _2rus_mesh _3E2791-5.1 |
|
| 606 | 1 |
_aМОЧЕВЫХ ПУТЕЙ ИНФЕКЦИИ _xдиагностика _2rus_mesh _3R14769-5.1 |
|
| 606 | 1 |
_aURINARY TRACT INFECTIONS _xdiagnosis _2rus_mesh _3E14769-5.1 |
|
| 606 | 1 |
_aЛАБОРАТОРНЫЕ МЕТОДЫ И ПРОЦЕДУРЫ _2rus_mesh _3R4046 |
|
| 606 | 1 |
_aLABORATORY TECHNIQUES AND PROCEDURES _2rus_mesh _3E4046 |
|
| 606 | 1 |
_aХламидиозы мочеполовых органов _xТерапия _xЭффективность _xМониторинг _92590722 _3RU\NLR\auth\661531039 |
|
| 686 |
_aР715.016-45,0 _2rubbk |
||
| 686 |
_a76.29.43 _2rugasnti |
||
| 686 |
_a76.29.50 _2rugasnti |
||
| 686 |
_a76.03.43 _2rugasnti |
||
| 686 |
_a76.35.33 _2rugasnti |
||
| 686 |
_aC01.252.400.210 - диагностика _v2010 _2MESH |
||
| 686 |
_aC01.252.400.210 - diagnosis _v2010 _2MESH |
||
| 686 |
_aC01.539.895 - диагностика _v2010 _2MESH |
||
| 686 |
_aC12.777.892 - диагностика _v2010 _2MESH |
||
| 686 |
_aC13.351.968.892 - диагностика _v2010 _2MESH |
||
| 686 |
_aC01.539.895 - diagnosis _v2010 _2MESH |
||
| 686 |
_aC12.777.892 - diagnosis _v2010 _2MESH |
||
| 686 |
_aC13.351.968.892 - diagnosis _v2010 _2MESH |
||
| 686 |
_aE01.450 _v2010 _2MESH |
||
| 686 | _aР716.016-5 | ||
| 686 | _aР696.016-5 | ||
| 700 | 1 |
_aБондарь _bТ. П. _gТатьяна Петровна _4070 |
|
| 701 | 1 |
_aШебзухова _bФ. К. _4070 |
|
| 801 | 0 |
_aRU _bRuMoRGB _c20100127 _grcr |
|
| 801 | 1 |
_aRU _bRuMoRGB _c20100127 |
|
| 801 | 2 |
_aRU _bЦНМБ _c20100204 |
|
| 801 | 2 |
_aRU _bЦНМБ _c20100225 |
|
| 801 | 2 |
_aRU _bNLR _c20100319 _grcr |
|
| 830 | _a2-го авт. в кат. нет | ||
| 942 | _cBOOK | ||
| 980 | _aNB | ||
| 980 | _aNBR | ||